Tenant Farming Forum Guide to the Agricultural Holdings (Scotland) Act 2003 (Record no. 103717)

MARC details
000 -LEADER
fixed length control field 01273cam a2200217 4500
001 - CONTROL NUMBER
control field E11577
008 - FIXED-LENGTH DATA ELEMENTS--GENERAL INFORMATION
fixed length control field 040830n2004 000 0 eng u
035 ## - SYSTEM CONTROL NUMBER
System control number (Sirsi) u127200
041 ## - LANGUAGE CODE
Language code of text/sound track or separate title eng
110 2# - MAIN ENTRY--CORPORATE NAME
Corporate name or jurisdiction name as entry element Tenant Farming Forum
9 (RLIN) 4640
245 00 - TITLE STATEMENT
Title Tenant Farming Forum Guide to the Agricultural Holdings (Scotland) Act 2003
Medium [electronic resource]
260 ## - PUBLICATION, DISTRIBUTION, ETC.
Place of publication, distribution, etc. Edinburgh
Name of publisher, distributor, etc. Tenant Farming Forum
Date of publication, distribution, etc. 2004
300 ## - PHYSICAL DESCRIPTION
Extent 24p. ; 21cm.
520 ## - SUMMARY, ETC.
Summary, etc. Aims to assist landlords and tenants to understand the full implications of the 2003 Act and guide them through all its provisions and the alterations to the 1991 Act that will apply. It draws attention to those matters about which a landlord and tenant should be aware when entering into any type of agreement between them. Please note it is not a substitute for legal advice
650 ## - SUBJECT ADDED ENTRY--TOPICAL TERM
Topical term or geographic name entry element AGRICULTURAL HOLDINGS (SCOTLAND) ACT 2003
650 ## - SUBJECT ADDED ENTRY--TOPICAL TERM
Topical term or geographic name entry element AGRICULTURAL HOLDINGS (SCOTLAND) ACT 1991
651 #4 - SUBJECT ADDED ENTRY--GEOGRAPHIC NAME
Geographic name Scotland
Chronological subdivision 1999-
690 ## - LOCAL SUBJECT ADDED ENTRY--TOPICAL TERM (OCLC, RLIN)
Topical term or geographic name as entry element ENVIRONMENTAL AND LAND CONSULTANCY-AGRIBUSINESS-AGRICULTURE
856 41 - ELECTRONIC LOCATION AND ACCESS
Uniform Resource Identifier <a href="https://www.tenantfarmingforum.org.uk/resources/000/240/962/TenantFarmingForumGuidetotheAgriculturalHoldings_Scotland_Act2003.pdf">https://www.tenantfarmingforum.org.uk/resources/000/240/962/TenantFarmingForumGuidetotheAgriculturalHoldings_Scotland_Act2003.pdf</a>
Public note View the guide free of charge at www.tenantfarmingforum.org.uk...
942 ## - ADDED ENTRY ELEMENTS (KOHA)
Suppress in OPAC 0
Holdings
Withdrawn status Lost status Source of classification or shelving scheme Damaged status Not for loan Home library Current library Shelving location Date acquired Total Checkouts Full call number Barcode Date last seen Copy number Price effective from Koha item type
    Dewey Decimal Classification     Virtual Virtual Online 29/08/2008   ONLINE PUBLICATION 127200-2001 06/08/2019 1 06/08/2019 Book